| 000 | 01216nam a22003617a 4500 | ||
|---|---|---|---|
| 003 | CHAP | ||
| 005 | 20220329143730.0 | ||
| 008 | 110427s1995 mx a r 00010 spa d | ||
| 010 | _a101055 | ||
| 011 | _a102027 | ||
| 020 | _a9706206361 | ||
| 035 | _a112715 | ||
| 040 | _cCHAP | ||
| 082 | 0 | 4 |
_a615.1 _bG19 |
| 100 | 0 | 0 |
_aGarzón S., María de Lourdes. _947191 |
| 245 | 1 | 0 |
_aAnálisis y control de calidad de medicamentos problemas _c/por María de Lourdes Garzón Serra y Marcela Hurtado y de la Peña |
| 260 |
_aMéxico, D.F. : _bUAM, Unidad Xochimilco, _c1995 |
||
| 300 |
_a100 p. : _bilus., gráfs., tablas |
||
| 490 | _aManuales | ||
| 590 |
_aBATCH-UPD _b10 _c20130110 _lUCH01 _h1452 |
||
| 590 |
_aBATCH-UPD _b10 _c20130410 _lUCH01 _h0918 |
||
| 590 |
_aBATCH-UPD _b10 _c20130914 _lUCH01 _h0818 |
||
| 590 |
_aCONVERSION _b10 _c20130109 _lUCH01 _h1356 |
||
| 650 | 1 | 4 |
_aCalidad _xControl de la. _917484 |
| 650 | 1 | 4 |
_aFarmacología. _939762 |
| 650 | 1 | 4 |
_aMedicina. _973899 |
| 650 | 1 | 4 |
_aQuímica analítica. _993582 |
| 700 | 1 |
_aHurtado y de la Peña, Marcela. _956991 |
|
| 830 | 0 |
_aManuales _970646 |
|
| 901 | _aBK | ||
| 942 | _cLIBRO | ||
| 949 |
_a615.1 G19 _bBC _cLIBRO _d33724002254074 _eLIBRO _h114793 _i112715 _sb |
||
| 999 |
_c101055 _d101055 |
||